عرض عادي
عرض مارك
- Latella, Donna.
مدخل إسم شخص
001 - رقم الضبط
- حقل الضبط: 38618
003 - معرف رقم الضبط
- حقل الضبط: OSt
005 - تاريخ ووقت أخر عملية
- حقل الضبط: 20131030154740.0
008 - عناصر بيانات ثابتة الطول
- حقل تحكم ثابت الطول: 131030|||a|||||| | ||| d
040 ## - مصدر الفهرسة
- هيئة الفهرسة الأصلية: OSt
- وكالة الكتابة: OSt
100 ## - مدخل -- أسم شخص
- إسم شخص: Latella, Donna.
670 ## - بيانات المصدر موجوده
- الاستشهاد بالمصدر: Work cat.: (OSt)0: Occupational therapy interventions :, c2008.
